000 01416nam a2200169Ia 4500
008 220216s9999 xx 000 0 und d
100 _aBaker C S L
245 0 _aEpoxidised natural rubber
260 _bJournal of Natural Rubber Research
_c1986
300 _a135-144
520 _aThe reaction of natural rubber with periacids yields a new polymer, the properties of which depend on the degree of epoxidation. The epoxide groups are randomly distributed along the rubber backbone and this together with the steoro-specific nature of the epoxidation reaction and the relatively small size of the oxygen atom, result in a polymer than can strain crystallise and, hence has good strength properties. Hysteresis and resistance to hydrocarbon oils increase with the degree of epoxidation whereas air permeability decreases. At epoxide levels of 50 mole per ccnet, these properties are comparable to those of some of the speciality synthetic elastomers. Excellent reinforcement of epoxidised natural rubber is obtained with silica fillers, even in the absence of coupling agents. Two levels of epoxidation, 25 mole per cent (ENR-25) and 50 mole per cent (ENR-50), have been studied for their potential as commercial rubbers, and both are available as development materials.
650 _aEpoxidised natural rubber
650 _aNatural rubber
700 _aGelling I R
700 _aSamsuri Azemi Bin
942 _cJS
999 _c58729
_d58729